• 首页
  • 本馆介绍
  • 公告通知
  • 最新文献
  • 馆藏检索
  • 电子资源
  • 读者导购
  • 参考咨询
  • 我的图书馆
  • 登录
  • 详细信息显示
  • 放入我的书架
  • 预约/预借图书
  • 作者相关作品
  • 分类相关作品
  • 丛书相关作品
  • 出版社相关作品

书目信息

  • 表格格式
  • 工作单格式
  • 卡片格式
题名:
中国传统家具装饰
    
 
作者: 高阳 , 门琳 , 曾亚奴 编著
分册:  
出版信息: 天津   百花文艺出版社  2014.01
页数: 253页,[8]页图版
开本: 24cm
丛书名:
单 册:
中图分类: J525.3
科图分类:
主题词: 家具--装饰美术--中国--古代 , 家具 , 装饰美术
电子资源:
ISBN: 978-7-5306-5839-0
000 01024nam0 2200289 450
001 0120141232463
005 20140612095126.35
010    @a978-7-5306-5839-0@dCNY39.80
100    @a20140318d2014 em y0chiy0110 ea
101 0  @achi
102    @aCN@b120000
105    @aaf z 000yy
106    @ar
200 1  @a中国传统家具装饰@9zhong guo chuan tong jia ju zhuang shi@f高阳,门琳,曾亚奴编著
210    @a天津@c百花文艺出版社@d2014.01
215    @a253页,[8]页图版@c图@d24cm
330    @a本书以图片形式详尽介绍了中国历代传统家具装饰纹样的特征及沿革,是一本资料性较强的知识性工具书,从爱好者的角度来讲开,包蕴着不同时代和整体社会背景下的经济、政治、文化、艺术、风俗、思想和哲学等丰富的内容。
333    @a家居装饰相关爱好者
606 0  @a家具@x装饰美术@y中国@z古代
606 0  @a家具
606 0  @a装饰美术
690    @aJ525.3@v5
701  0 @a高阳@9gao yang@4编著
701  0 @a门琳@9men lin@4编著
701  0 @a曾亚奴@9zeng ya nu@4编著
801  0 @aCN@b人天书店@c20140318
905    @b549675-78@dJ525.3@e364@f4
    
    中国传统家具装饰/高阳,门琳,曾亚奴编著.-天津:百花文艺出版社,2014.01
    253页,[8]页图版:图;24cm
    使用对象:家居装饰相关爱好者
    
    ISBN 978-7-5306-5839-0:CNY39.80
    本书以图片形式详尽介绍了中国历代传统家具装饰纹样的特征及沿革,是一本资料性较强的知识性工具书,从爱好者的角度来讲开,包蕴着不同时代和整体社会背景下的经济、政治、文化、艺术、风俗、思想和哲学等丰富的内容。
●
相关链接 在E读中查询图书 在五车中查询图书 在当当中查询图书 在豆瓣中查询图书


正题名:中国传统家具装饰     索取号:J525.3/364         预约/预借

序号 登录号 条形码 馆藏地/架位号 状态 备注
1 549675   205496756   第一样本阅览室/ [索取号:J525.3/364] 在馆    
2 549676   205496765   第一借阅区/ [索取号:J525.3/364] 在馆    
3 549677   205496774   第一借阅区/ [索取号:J525.3/364] 在馆    
4 549678   205496783   第一借阅区/ [索取号:J525.3/364] 在馆    
唐山师范学院图书馆 欢迎您!
大连网信软件有限公司© 版权所有